A guide to christian understanding of stewardship (Record no. 4060)
[ view plain ]
| 000 -LEADER | |
|---|---|
| fixed length control field | 00417nam a22001457a 4500 |
| 008 - FIXED-LENGTH DATA ELEMENTS--GENERAL INFORMATION | |
| fixed length control field | 250702b |||||||| |||| 00| 0 eng d |
| 020 ## - INTERNATIONAL STANDARD BOOK NUMBER | |
| ISBN | 9789789065326 |
| 100 ## - MAIN ENTRY--AUTHOR | |
| Author | Uti Vandi Luka |
| 245 ## - TITLE STATEMENT | |
| Title | A guide to christian understanding of stewardship |
| 260 ## - PUBLICATION, DISTRIBUTION, ETC. (IMPRINT) | |
| Place of publication | Plateau |
| Name of publisher | Africa christain textbooks |
| Date of publication | 2024 |
| 300 ## - COLLATION | |
| Pagination | vi,25p. |
| 650 ## - TRACINGS | |
| Main Subject | christain-stewardship |
| Subdivision (1st) | christain-life |
| 942 ## - ADDED ENTRY ELEMENTS (KOHA) | |
| Item type | Books |
| 050 ## - LIBRARY OF CONGRESS CALL NUMBER | |
| Classification number | BV772 |
| Item number | .V36 |
| Source of classification or shelving scheme | Not for loan | Permanent location | Current location | Date acquired | Accession No. | Full call number | Barcode. | Koha item type |
|---|---|---|---|---|---|---|---|---|
| Library of Congress Classification | Samuel Ogbemudia Main Library, University of Abuja | Samuel Ogbemudia Main Library, University of Abuja | 07/02/2025 | 2025/64827-28 | BV772.V36 | 2025-2783 | Books | |
| Library of Congress Classification | Samuel Ogbemudia Main Library, University of Abuja | Samuel Ogbemudia Main Library, University of Abuja | 07/02/2025 | 2025/64827-28 | BV772.V36 | 2025-2784 | Books |